LEADER 00965nam0-22002531i-450 001 9910631694203321 005 20221213105915.0 100 $a20000112d1977----km-u0itay50------ba 101 0 $aita 102 $aIT 105 $ay-------101yy 200 1 $a<>progetto speciale per l'area metropolitana di Napoli nel contesto dell'azione per lo sviluppo equilibrato della Campania$eNapoli Sala dei Baroni, 18 Luglio 1977$fRegione Campania$grelatore Armando De Rosa 210 $aNapoli$cSO.GRA.ME$d1977 215 $a32 p.$d28 cm 610 0 $aNapoli$aPianificazione urbanistica 702 1$aDe_Rosa$bArmando 710 01$aCampania$c$0270004 801 0$aIT$bUNINA$gRICA$2UNIMARC 901 $aBK 912 $a9910631694203321 952 $aFONDO ROSSI 2013$bROSSI 2086$fFARBC 959 $aFARBC 996 $aProgetto speciale per l'area metropolitana di Napoli nel contesto dell'azione per lo sviluppo equilibrato della Campania$9581913 997 $aUNINA LEADER 03443nam 2200577 450 001 9910808455703321 005 20180731202620.0 010 $a1-61148-679-3 035 $a(CKB)3710000000531724 035 $a(EBL)4189575 035 $a(SSID)ssj0001591422 035 $a(PQKBManifestationID)16288266 035 $a(PQKBTitleCode)TC0001591422 035 $a(PQKBWorkID)14793580 035 $a(PQKB)10126511 035 $a(MiAaPQ)EBC4189575 035 $a(EXLCZ)993710000000531724 100 $a20160104h20162016 uy 0 101 0 $aeng 135 $aur|n|---||||| 181 $ctxt 182 $cc 183 $acr 200 10$aEssential Scots and the idea of unionism in Anglo-Scottish literature, 1603-1832 /$fRivka Swenson 210 1$aLewisburg, Pennsylvania :$cBucknell University Press,$d2016. 210 4$dİ2016 215 $a1 online resource (349 p.) 225 1 $aTransits: Literature, Thought & Culture 300 $aDescription based upon print version of record. 311 $a1-61148-680-7 311 $a1-61148-678-5 320 $aIncludes bibliographical references and index. 327 $aCONTENTS; ILLUSTRATIONS; ACKNOWLEDGMENTS; ABBREVIATIONS; INTRODUCTION; Part I. ESSENTIAL SCOTTISHNESS AND THE FORM OF ORIGINAL ANGLO-SCOTTISH DISCONTENT; CHAPTER 1. WRITING ANGLO-SCOTTISH UNIONISM AND ITS DISCONTENTS IN 1603 AND 1707: Francis Bacon, Daniel Defoe, and English Anxieties of Narration; CHAPTER 2. WRITING REUNION, REWRITING UNION FOR THE ATOMIC SCOT: Tobias Smollett's Traveling Types after the '45 and Seven Years War; CHAPTER 3. WRITING REVOLUTION AS ESSENTIAL RECOVERY: Samuel Johnson's Return to Scotland after Ossian 327 $aPart II. UNIONISM AND THE CHALLENGE OF THE INDIVIDUAL IN EARLY NINETEENTH-CENTURY SCOTTISH WRITINGCHAPTER 4. INDIVIDUAL CONCERNS, THE MOCK-GOTHIC, AND MARRIAGE TROUBLE: Anglo-Scottish Self-Difference in Susan Ferrier's Laboratory; CHAPTER 5. DESCRIBING THE SUBNATIONAL HINGE IN 1822: Robert Mudie and the Aesthetic Politics of the Synthetic British Text; CODA. WALTER SCOTT AND THE LEGACY OF CHOSEN SCOTTISHNESS; NOTES; BIBLIOGRAPHY; INDEX; ABOUT THE AUTHOR 330 $aEssential Scots scrutinizes diverse texts from the Union of Crowns and James VI/I's Edinburgh-London emigration to the aftermath of George IV's London-Edinburgh-London journey more than two centuries later, exposing how the "essential" Scot, allegedly possessed of a uniquely durable, influential identity, shaped the literary-cultural narrative imagination from 1603-1832, with implications for the twenty-first century. The essential Scot's supposed aptitude for personal resistance and recovery were marshaled by Scottish and English writers to formally challenge, accommodate, generate, revise, a 410 0$aTransits (Bucknell University) 606 $aEnglish literature$xScottish authors$xHistory and criticism 606 $aScots in literature 606 $aLiterature and society$zScotland 615 0$aEnglish literature$xScottish authors$xHistory and criticism. 615 0$aScots in literature. 615 0$aLiterature and society 676 $a820.9/9411 700 $aSwenson$b Rivka$f1973-$01671601 801 0$bMiAaPQ 801 1$bMiAaPQ 801 2$bMiAaPQ 906 $aBOOK 912 $a9910808455703321 996 $aEssential Scots and the idea of unionism in Anglo-Scottish literature, 1603-1832$94034276 997 $aUNINA